Normal view
MARC view
- ابن هشام، ابي محمد عبد الملك ؛ تحقيق لجنة تحقيق التراث بمؤسسة الهدى لتحقيق التراث
Entry Personal Name
001 - CONTROL NUMBER
- control field: 56543
003 - CONTROL NUMBER IDENTIFIER
- control field: JO-AjAnu
005 - DATE AND TIME OF LATEST TRANSACTION
- control field: 20230606083251.0
008 - FIXED-LENGTH DATA ELEMENTS
- fixed length control field: 230606|| aca||aabn | a|a d
040 ## - CATALOGING SOURCE
- Original cataloging agency: JO-AjAnu
- Transcribing agency: JO-AjAnu
100 ## - HEADING--PERSONAL NAME
- Personal name: ابن هشام، ابي محمد عبد الملك ؛ تحقيق لجنة تحقيق التراث بمؤسسة الهدى لتحقيق التراث
670 ## - SOURCE DATA FOUND
- Source citation: Work cat.: (JO-AjAnu)28852: ابن هشام، ابي محمد عبد الملك ؛ تحقيق لجنة تحقيق التراث بمؤسسة الهدى لتحقيق التراث, author, السيرة النبوية، ج1